Quiz sur le Luxembourg (Province) - Statistiques

Statistiques générales
  • Ce quiz a été pris 42 fois
  • Le résultat moyen est 12 sur 20
Statistiques - réponses
Question Réponse % Correct
Chef lieu et ville la plus peuplée de la province Arlon
92%
... mais également la moins _______ peuplée
89%
Le Luxembourg est la province la plus _____ de Belgique... vaste
86%
Ardennes
73%
Ville phare de la bataille des Ardennes (seconde guerre mondiale) Bastogne
70%
Seule bière trappiste de la province, brassée dans l'abbaye du même nom, célèbre pour la forme arrondie de ses bouteilles Orval
70%
Rivière traversant le sud de la Province d'Est en Ouest. Sa vallée est un des 2 seuls parc nationaux de Wallonie. Semois
70%
Avec 400 habitants, cette localité est souvent considérée comme la "plus petite ville du monde" Durbuy
68%
Célèbre course cycliste surnommée La Doyenne Liège-Bastogne-Liège
65%
Type de charcuterie bénéficiant d'une indication géographique protégée, notamment par la marque Marcassou Saucisson d'Ardenne
62%
Ville, célèbre pour son château, située au Sud-Ouest de la province, ayant été un état indépendant pendant 18 mois entre 1794 et 1795 Bouillon
59%
Rivière prenant ses sources en province de Luxembourg, se jetant dans la Meuse à Liège. Son nom viendrait du mot celtique urd ("rivière pierreuse"). Ourthe
59%
Nom donné à la région culturelle la plus au sud de la province, correspondant globalement à l'arrondissement de Virton Gaume
54%
Départements français limitrophes Meurthe-et-Moselle
51%
Cet animal "pixelisé" a longtemps été l'emblème de la province du Luxembourg Sanglier vert
51%
Footballer international, né à Sainte-Ode, ayant évolué au poste de défenseur au PSG, à Dortmund, et au LOSC Lille Thomas Meunier
51%
Premier souverain du royaume de Jérusalem au terme de la première croisade, né dans la ville ci-dessus Godefroy de Bouillon
49%
Meuse
46%
Bataille importante de la première guerre mondiale (22/08/1914), souvent considéré comme le jour le plus sanglant de l'histoire de France (27 000 soldats français tués) Rossignol
11%
Période historique s'étendant de 1830 à 1839 concernant l'annexion du Luxembourg, puis sa division en deux (province belge & pays) : la ________ du Luxembourg. Question
8%
Aucun quiz correspondant
Distribution des résultats
% des personnes avec chaque résultat
Percentile par nombre de réponses
Votre historique - résultats
Vous n’avez pas pris ce quiz